000 00976nam a2200205 4500
005 20260210165855.0
008 260210b |||||||| |||| 00| 0 eng d
020 _a9788126708482 (hbk)
037 _cTB
040 _aCRL
_cCRL
041 _2hin
_ahin
084 _aO152,2:g(NT) P4;R1
_qCRL
100 _aअंकुर, देवेन्द्र राज
_91114932
245 _aअंतरंग बहिरंग
250 _a3 संस्करण
260 _aनई दिल्ली, भारत:
_bराजकमल प्रकाशन,
_c234पृ.
650 _aहिन्दी नाटक
_91114933
942 _2CC
_n0
_cTB
_e3 संस्करण
_hO152,2:g(NT) P4;R1
999 _c1679158
_d1679158